000
00216nam a2200097Ia 4500
008
190216s9999||||xx |||||||||||||| ||und||
100
_a
Prof.Thomas S N
245
0
_a
Thapam
260
_b
Kerala Basha Inst
942
_c
BK
999
_c
38351
_d
38351